000 00343nam a22001337a 4500
008 181126b xxu||||| |||| 00| 0 eng d
020 _a9781557982414
041 _aeng
080 _24 TH
_a159.9
100 _a49
101 _aPSI
245 _aPublication Manual Of the American Psychological Association
_cJames.p
942 _2udc
_cBK
999 _c52470
_d52470